Fiscal Policy Planning and Management in Nigeria (Record no. 2839)

MARC details
000 -LEADER
fixed length control field 00379nam a22001337a 4500
008 - FIXED-LENGTH DATA ELEMENTS--GENERAL INFORMATION
fixed length control field 250403b |||||||| |||| 00| 0 eng d
020 ## - INTERNATIONAL STANDARD BOOK NUMBER
ISBN 9782785520
100 ## - MAIN ENTRY--AUTHOR
Author KOMOLAFE Oluranti S.
245 ## - TITLE STATEMENT
Title Fiscal Policy Planning and Management in Nigeria
260 ## - PUBLICATION, DISTRIBUTION, ETC. (IMPRINT)
Place of publication Ibadan
Name of publisher National Centre for Economic Management
Date of publication 1999
300 ## - COLLATION
Pagination ix, 293p.
942 ## - ADDED ENTRY ELEMENTS (KOHA)
Item type Books
050 ## - LIBRARY OF CONGRESS CALL NUMBER
Classification number HJ1501
Item number .F57
Holdings
Source of classification or shelving scheme Not for loan Permanent location Current location Date acquired Accession No. Full call number Barcode. Koha item type
Library of Congress Classification   Samuel Ogbemudia Main Library, University of Abuja Samuel Ogbemudia Main Library, University of Abuja 04/03/2025 2011/41711 HJ1501.F57 2025-1150 Books